000 00442pab a2200157 454500
008 180718b1996 xxu||||| |||| 00| 0 eng d
100 _aAcharya, Sarthi
245 _aAccess and returns to education: analysis for Maharashtra
260 _c1996
300 _ap.383-96
362 _aOct
650 _aEducation - India - Maharashtra
650 _aEducation
773 _aJournal of Educational Planning and Administration
909 _a34255
999 _c34255
_d34255